| 000 | 00669nam a2200217Ia 4500 | ||
|---|---|---|---|
| 003 | OSt | ||
| 005 | 20251209105144.0 | ||
| 008 | 210719s1968 xx 000 0 und d | ||
| 040 | _cAL | ||
| 041 | _aKannada | ||
| 082 | _aK494E UPAN | ||
| 100 |
_aUPADHYAYA (U Padmanabha) _9247190 |
||
| 245 |
_aNanjangud kannada: vakkaliga dialect. _bನಂಜನಗೂಡು ಕನ್ನಡ :ಒಕ್ಕಲಿಗ ಡೈಲೆಕ್ಟ್ |
||
| 260 |
_aPoona _bDeccan College _c1968 |
||
| 300 |
_a207 _bPB |
||
| 365 |
_b12 _cRs |
||
| 440 |
_aLingustic survey of India series: 2 _9247191 |
||
| 650 |
_aKannada Language _9247192 |
||
| 906 | _aVakkaliga Dialect | ||
| 942 |
_2ddc _cBK |
||
| 999 |
_c214010 _d214010 |
||